Information retrieval : The essential technology

Đã lưu trong:
Sonraí Bibleagrafaíochta
Príomhúdar: Meetham, Roger
Formáid: Leabhar
Teanga:Undetermined
Foilsithe: London Aldus Books 1969
Ábhair:
Clibeanna: Cuir Clib Leis
Gan Chlibeanna, Bí ar an gcéad duine leis an taifead seo a chlibeáil!
Thư viện lưu trữ: Trung tâm Học liệu Trường Đại học Cần Thơ
LEADER 00510nam a2200193Ia 4500
001 CTU_82686
008 210402s9999 xx 000 0 und d
082 |a 029.7 
082 |b M494 
100 |a Meetham, Roger 
245 0 |a Information retrieval : 
245 4 |b The essential technology 
245 0 |c Roger Meetham 
260 |a London 
260 |b Aldus Books 
260 |c 1969 
650 |a Information retrieval 
904 |i QHieu(sửa) 
980 |a Trung tâm Học liệu Trường Đại học Cần Thơ